• 首页
  • 本馆介绍
  • 公告通知
  • 最新文献
  • 馆藏检索
  • 电子资源
  • 读者导购
  • 参考咨询
  • 我的图书馆
  • 登录
  • 详细信息显示
  • 放入我的书架
  • 预约/预借图书
  • 作者相关作品
  • 分类相关作品
  • 丛书相关作品
  • 出版社相关作品

书目信息

  • 表格格式
  • 工作单格式
  • 卡片格式
题名:
切口大词典
    
 
作者: 吴汉痴 主编
分册:  
出版信息: 上海   上海文艺出版社  1989.03
页数: 1册
开本:
丛书名: 民俗、民间文学影印资料之二十六
单 册:
中图分类: H136.4
科图分类:
主题词: 汉语--俗语
电子资源:
ISBN: 7-5321-0245-9
000 00649nam2 2200229 45
001 0504180916
005 20050428143813.6
010    @a7-5321-0245-9@dCNY5.60
100    @a20050418d1989 km y0chiy0120 ea
101 0  @achi
105    @a z 000yy
200 1  @a切口大词典@AQie Kou Da Ci Dian@f吴汉痴主编@FWu Han Chi Zhu Bian
205    @a影印本
210    @a上海@c上海文艺出版社@d1989.03
215    @a1册
225    @a民俗、民间文学影印资料之二十六
410    @12001 @a民俗、民间文学影印资料之二十六
606 0  @a汉语@x俗语
690    @aH136.4@v3
701  0 @a吴汉痴@4主编
801    @aCN@bPftUser@c20050418
905    @dH136.4@e157@b220656@f1
    
    切口大词典/吴汉痴主编.-影印本.-上海:上海文艺出版社,1989.03
    1册.-(民俗、民间文学影印资料之二十六)
    
    
    ISBN 7-5321-0245-9:CNY5.60
    
●
相关链接 在E读中查询图书 在五车中查询图书 在当当中查询图书 在豆瓣中查询图书


正题名:切口大词典     索取号:H136.4/157         预约/预借

序号 登录号 条形码 馆藏地/架位号 状态 备注
1 0220656   000803624   密集书库/ [索取号:H136.4/157] 在馆    
2 0220657   000837394   第四借阅区/ [索取号:H136.4/157] 在馆    
3 0220658   202074735   第二样本阅览室/ [索取号:H136.4/157] 在馆    
唐山师范学院图书馆 欢迎您!
大连网信软件有限公司© 版权所有